000 01057cad a2200265 4500
001 L158657
008 100215n2013 000 0 eng u
020 _a9781783210305
035 _a(Sirsi) u158657
041 _aeng
100 1 _aScholten, N. P. M.
_cDr
111 2 _aConstruction and Building Research Conference
_cIIT Delhi, New Delhi
_d10-12 September 2013
245 0 0 _aCall for an institution with the authority and mandate with regard to technical disputes and fundamental consideration for the system
_h[electronic resource]
260 _aLondon
_bRICS
_c2013
490 0 _aCOBRA
_v2013
520 _aA paper presented at the COBRA Conference in New Delhi on 10-12 September 2013. Looks at techincal disputes using a hotel in the Netherlands as a case-study.
650 2 4 _aCONSTRUCTION AND BUILDING RESEARCH CONFERENCE (COBRA)
650 2 4 _aDispute resolution
_96236
650 2 4 _aBUILDING PERMITS
651 4 _aNetherlands
690 _aBuilding control
_96222
700 1 _aHouben, M.I.
700 1 _aMeester, R.G.
942 _n0
999 _c115436
_d115436